000 00977nam a22003017a 4500
003 CHAP
005 20220329140308.0
008 971013s1981 r 00010 d
010 _a49925
011 _a50897
035 _a55047
040 _cCHAP
090 _aTesis
100 0 0 _aFélix Monsivais, Ana Laura.
_941951
245 _aAnálisis climatológicos que anteceden a una helada y su probabilidad de ocurrencia
260 _a(Monterrey, N.L.) :
_bEl autor,
_c1981
300 _a78 h.
502 _aTesis (Ing. Agr. en Producción) -- ITESM. Div. de Ciencias Agropecuarias y Marítimas
590 _aALEPH
_b10
_c20130110
_lUCH01
_h1323
590 _aBATCH-UPD
_b10
_c20130110
_lUCH01
_h0352
590 _aBATCH-UPD
_b10
_c20130410
_lUCH01
_h0026
590 _aBATCH-UPD
_b10
_c20130914
_lUCH01
_h1421
590 _aCONVERSION
_b10
_c20130109
_lUCH01
_h1327
650 1 4 _aHeladas.
_953392
901 _aBK
942 _cTESIS
949 _bBC
_cTES
_d-121054
_eTS1
_i55047
_si
999 _c49925
_d49925